Statistiques concernant Groupes internationaux de A à Z

Cliquez ici pour prendre le quiz!

Statistiques générales

  • Ce quiz a été pris 110 fois
  • Le résultat moyen est 11 sur 26

Statistiques - réponses

GroupesIndicesLettres% Correct
AbbaVainqueurs de l'Eurovision en 1974A
91%
QueenGroupe dont le chanteur est né à ZanzibarQ
86%
NirvanaUn des groupes les plus du mouvement grungeN
84%
TotoZéro + ZéroT
77%
KissGroupe américain célèbre notamment pour ses maquillages et ses costumes extravagantsK
70%
ZZ TopLunettes de soleil, chapeaux de cow-boy et barbes démesuréesZ
70%
RammsteinGroupe de métal industriel allemand formé en 1994R
59%
Garbage"Poubelle"G
51%
MecanoJeu de constructions métalliquesM
51%
OasisMais qu’est-ce tu bois doudou dis donc ?O
50%
Linkin ParkLeur leader s'est suicidé en 2017L
49%
The WhoRoger Daltrey et Pete TownshendW
48%
YesRock progressif en 3 lettresY
37%
ColdplayGroupe ayant notamment remporté neuf Brit Awards, sept Grammy Awards, six Q Awards ou encore sept NME AwardsC
35%
The Velvet UndergroundGroupe lié à l'aventure de la Factory d'Andy WarholV
35%
BlurGroupe de Damon AlbarnB
32%
Pink FloydGroupe ayant inspiré un film musical à Alan Parker en 1982P
32%
Depeche ModeMagazine de mode françaisD
31%
Inxs"Dream on white boy, dream on black girl" , "Dream on black boy, dream on white girl"I
27%
UB40Formulaire britannique de demande des droits au chômageU
27%
JamiroquaiGroupe dont le chanteur est célèbre pour ses haut-de-forme et ses coiffes en plumesJ
24%
HoleGroupe de Courtney LoveH
23%
The StrokesGroupe fondé par Julian CasablancasS
20%
Fleetwood MacAuteurs de l'album "Rumours" en 1977F
15%
EaglesStyle musical connu sous le nom de ''West Coast Sound''E
13%
XTCGroupe de new wave connu pour son tube " Making Plans for Nigel"X
11%

Distribution des résultats

Percentile par nombre de réponses

% des personnes avec chaque résultat

Votre développement - résultats

Vous n’avez pas pris ce quiz